Cargando...

Deevaron se par:aakash/

Detalles Bibliográficos
Autor Principal: Kundanika Kapadia
Formato: Printed Book
Publicado: New Delhi: Sahitya Akademi, 2007.
LEADER 00358 a2200109 4500
100 |a Kundanika Kapadia 
245 |a Deevaron se par:aakash/  |c Kundanika Kapadia 
260 |a New Delhi:  |b Sahitya Akademi,  |c 2007. 
300 |a 276p. 
942 |2 ddc  |c BK 
999 |c 237319  |d 237319 
952 |0 0  |1 0  |4 0  |7 0  |9 263554  |a HIN  |b HIN  |c ST1  |d 2011-06-01  |i 20896  |l 0  |p HIN20896  |r 2014-02-07  |w 2014-02-07  |y BK